Novela Zákonníka práce účinná od 1. marca 2015

Od 1. januára 2015 mala do účinnosti vstúpiť novela Zákonníka práce, čo sa však nestalo. Novelu do parlamentu vrátil prezident. Národná rada SR preto dňa 28. 1. 2015 opakovane schválila novelu zákona č. 311/2001 Z. z. Zákonníka práce v z. n. p., ktorá nadobudne účinnosť dňa 1. 3. 2015.

Na minha lista:
Detalhes bibliográficos
Autor principal: Mičudová, Tatiana
Formato: Capítulo de Livro
Idioma:eslovaco
Assuntos:
Tags: Adicionar Tag
Sem tags, seja o primeiro a adicionar uma tag!

MARC

LEADER 00000naa a2200000 4500
001 0200081
005 20231208090934.8
041 0 |a slo 
044 |a SK 
245 1 0 |a Novela Zákonníka práce účinná od 1. marca 2015  |c Tatiana Mičudová 
520 |a Od 1. januára 2015 mala do účinnosti vstúpiť novela Zákonníka práce, čo sa však nestalo. Novelu do parlamentu vrátil prezident. Národná rada SR preto dňa 28. 1. 2015 opakovane schválila novelu zákona č. 311/2001 Z. z. Zákonníka práce v z. n. p., ktorá nadobudne účinnosť dňa 1. 3. 2015. 
610 2 0 |a novelizácia 
610 2 0 |a Slovensko 
610 2 0 |a zákony 
610 2 0 |a zákonník práce 
100 1 |a Mičudová, Tatiana